| 000 | 00664nam a2200241 i 4500 | ||
|---|---|---|---|
| 001 | 8572 | ||
| 003 | ES-MaACL | ||
| 005 | 20250809063447.0 | ||
| 007 | t| | ||
| 008 | 920715s1992 sp ||||1| spa d | ||
| 020 | _a84-322-0660-1 | ||
| 080 | _a86.0(72)-821"19" | ||
| 080 | _a86.0(72)(Paz,O.7 A.01) | ||
| 100 | 1 |
_aPaz, Octavio, _d1914-1998 _989753 |
|
| 245 | 1 | 0 |
_aAl paso / _cOctavio Paz. |
| 250 | _a[1ยช ed.]. | ||
| 260 |
_aBarcelona : _bSeix Barral, _c1992. |
||
| 300 |
_a213 p. ; _c20 cm. |
||
| 490 | 1 | _aBiblioteca breve | |
| 830 | 0 |
_aBiblioteca breve (Seix Barral) _9227188 |
|
| 852 |
_aES-MaACL _jL-15955 _bR.120374 |
||
| 999 |
_c8572 _d8572 |
||